[Event "1. Pfalz Open"]
[Site "Neustadt"]
[Date "2008.02.15"]
[Round "1.1"]
[White "Tiviakov, Sergei"]
[Black "De Andres Gonalons, Fernando"]
[Result "1-0"]
[WhiteElo "2649"]
[BlackElo "2092"]
[PlyCount "83"]
[EventDate "2008.02.15"]
[EventType "swiss"]
[EventRounds "9"]
[EventCountry "GER"]
[Source "lmi"]
[SourceDate "2008.02.15"]

1. e4 e6 2. d4 d5 3. Nd2 dxe4 4. Nxe4 Nd7 5. Nf3 Ngf6 6. Nxf6+ Nxf6 7. Bd3 c5
8. O-O cxd4 9. Nxd4 Bc5 10. Nf3 O-O 11. Qe2 b6 12. Rd1 Qc7 13. Bg5 Bb7 14. Bxf6
gxf6 15. Be4 Rfd8 16. a3 Bf8 17. Bxb7 Qxb7 18. Nd4 Kh8 19. Rd3 Bc5 20. Rad1
Rxd4 21. Rxd4 Bxd4 22. Rxd4 Rg8 23. g3 Rg5 24. Qd2 Qc6 25. h4 Re5 26. Qb4 Qa8
27. Rd7 a5 28. Qc3 Kg7 29. Rd4 h5 30. Qd2 Qf3 31. Rf4 Qc6 32. Rd4 Qf3 33. Rd3
Qb7 34. Kh2 Qc6 35. b3 Qb7 36. c4 Qc6 37. a4 Rf5 38. f4 Qc5 39. Qe2 Qc6 40. Rd8
Qc5 41. Qf3 e5 42. Kg2 1-0

[Event "1. Pfalz Open"]
[Site "Neustadt"]
[Date "2008.02.15"]
[Round "1.2"]
[White "Sessler, Joachim"]
[Black "Korneev, Oleg"]
[Result "1/2-1/2"]
[WhiteElo "2090"]
[BlackElo "2645"]
[PlyCount "117"]
[EventDate "2008.02.15"]
[EventType "swiss"]
[EventRounds "9"]
[EventCountry "GER"]
[Source "lmi"]
[SourceDate "2008.02.15"]

1. e4 c5 2. Nf3 e6 3. c4 Nc6 4. Nc3 Nf6 5. d4 cxd4 6. Nxd4 Bb4 7. Nxc6 dxc6 8.
Qxd8+ Kxd8 9. Bd2 e5 10. O-O-O Ke8 11. f3 a5 12. Be3 a4 13. Kc2 Nd7 14. b3
axb3+ 15. axb3 Bc5 16. Bxc5 Nxc5 17. Bd3 Ke7 18. Ra1 Bd7 19. b4 Ne6 20. Na4 h5
21. Nb6 Rxa1 22. Rxa1 c5 23. Ra5 h4 24. bxc5 f6 25. Nd5+ Kf7 26. Kc3 Bc6 27. h3
Nf4 28. Nxf4 exf4 29. Bc2 Rh5 30. Ba4 Rg5 31. Bxc6 bxc6 32. Ra2 Rxc5 33. Ra7+
Kg6 34. Ra6 Rg5 35. Ra2 Kf7 36. Kd4 Ke6 37. Kc3 Kd6 38. Rd2+ Kc5 39. Ra2 Rg3
40. Ra5+ Kd6 41. Ra2 c5 42. Kd3 Ke5 43. Rb2 g5 44. Rf2 g4 45. hxg4 h3 46. gxh3
Rxh3 47. Kc3 Ke6 48. Kd3 Rg3 49. Kc3 Rg1 50. Rd2 Rc1+ 51. Kd3 Re1 52. Kc2 Rf1
53. Rd3 Kf7 54. Kd2 Kg6 55. Ke2 Rc1 56. Rd5 Rc2+ 57. Ke1 Rc3 58. Ke2 Rc2+ 59.
Ke1 1/2-1/2

[Event "1. Pfalz Open"]
[Site "Neustadt"]
[Date "2008.02.15"]
[Round "1.3"]
[White "Postny, Evgeny"]
[Black "Comes, Bruno"]
[Result "1/2-1/2"]
[WhiteElo "2627"]
[BlackElo "2090"]
[PlyCount "135"]
[EventDate "2008.02.15"]
[EventType "swiss"]
[EventRounds "9"]
[EventCountry "GER"]
[Source "lmi"]
[SourceDate "2008.02.15"]

1. e4 e5 2. Nf3 Nf6 3. Nc3 Bb4 4. Nxe5 O-O 5. Be2 Re8 6. Nd3 Bxc3 7. dxc3 Nxe4
8. Nf4 d6 9. O-O Nc6 10. Be3 Bf5 11. Re1 Nf6 12. h3 h6 13. Bf1 Qd7 14. Rc1 a6
15. Qf3 Ne5 16. Qg3 Ne4 17. Qh2 b5 18. f3 Nf6 19. Qg3 Kh8 20. Qf2 c5 21. g4 Bh7
22. Rcd1 Rad8 23. Bg2 Qc6 24. Nh5 Nxh5 25. f4 Nxf4 26. Bxf4 Qc7 27. Re2 f6 28.
Bg3 a5 29. b3 Re7 30. Red2 Rf7 31. Qe2 b4 32. Qa6 bxc3 33. Rxd6 Rxd6 34. Rxd6
Bxc2 35. Qa8+ Kh7 36. Rd8 Re7 37. h4 c4 38. Rh8+ Kg6 39. Qd5 Qd7 40. h5+ Kg5
41. bxc4 Qxg4 42. Be1 Rd7 43. Qc5 Qd4+ 44. Qxd4 Rxd4 45. Bxc3 Rxc4 46. Bxa5 Ra4
47. Ra8 Kxh5 48. Bc3 Rxa8 49. Bxa8 Kg4 50. Kf2 h5 51. Bd5 Kf4 52. Bd2+ Kf5 53.
Bb7 g5 54. Bc8+ Ke4 55. Bb7+ Kd3 56. Ba5 Ng4+ 57. Kg3 Kd4 58. Bb6+ Ke5 59. Bc7+
Ke6 60. Bc8+ Ke7 61. Bxg4 hxg4 62. Kxg4 Bd1+ 63. Kf5 Kf7 64. Ba5 Bc2+ 65. Kg4
Kg6 66. Bd2 Bd1+ 67. Kg3 Kf5 68. Bc1 1/2-1/2

[Event "1. Pfalz Open"]
[Site "Neustadt"]
[Date "2008.02.15"]
[Round "1.4"]
[White "Klasmeier, Hartmut"]
[Black "Berelovich, Aleksandar"]
[Result "0-1"]
[WhiteElo "2086"]
[BlackElo "2606"]
[PlyCount "54"]
[EventDate "2008.02.15"]
[EventType "swiss"]
[EventRounds "9"]
[EventCountry "GER"]
[Source "lmi"]
[SourceDate "2008.02.15"]

1. Nc3 d5 2. e4 d4 3. Nce2 c5 4. Ng3 g6 5. Bc4 Nc6 6. f4 Bg7 7. Nf3 Nf6 8. O-O
O-O 9. a3 Na5 10. Ba2 d3 11. b4 cxb4 12. axb4 Nc6 13. c3 b5 14. Bb2 Bb7 15. Qb3
Qb6+ 16. Kh1 a5 17. bxa5 Nxa5 18. Qb4 Nc6 19. Qb3 Ra4 20. c4 Rxc4 21. Ne5 Nxe5
22. fxe5 Nxe4 23. Qxd3 Nf2+ 24. Rxf2 Qxf2 25. Rg1 Rh4 26. Ne2 e6 27. Qxb5 Rxh2+
0-1

[Event "1. Pfalz Open"]
[Site "Neustadt"]
[Date "2008.02.15"]
[Round "1.5"]
[White "Khenkin, Igor"]
[Black "Siefert, Ulrich"]
[Result "1-0"]
[WhiteElo "2602"]
[BlackElo "2085"]
[PlyCount "43"]
[EventDate "2008.02.15"]
[EventType "swiss"]
[EventRounds "9"]
[EventCountry "GER"]
[Source "lmi"]
[SourceDate "2008.02.15"]

1. d4 d5 2. c4 c6 3. Nf3 g6 4. cxd5 cxd5 5. Nc3 Nf6 6. Bf4 a6 7. e3 Bg7 8. Bd3
Nc6 9. h3 O-O 10. Rc1 Re8 11. O-O h6 12. Ne5 Rf8 13. Nxc6 bxc6 14. Na4 Bd7 15.
Qb3 Re8 16. Qb7 e5 17. Bxe5 Rxe5 18. dxe5 Rb8 19. Qa7 Nh5 20. Nc5 Bxh3 21. e6
fxe6 22. Bxg6 1-0

[Event "1. Pfalz Open"]
[Site "Neustadt"]
[Date "2008.02.15"]
[Round "1.6"]
[White "Raboese, Richard"]
[Black "Kempinski, Robert"]
[Result "0-1"]
[WhiteElo "2077"]
[BlackElo "2590"]
[PlyCount "38"]
[EventDate "2008.02.15"]
[EventType "swiss"]
[EventRounds "9"]
[EventCountry "GER"]
[Source "lmi"]
[SourceDate "2008.02.15"]

1. d4 Nf6 2. c4 g6 3. Nc3 Bg7 4. e4 O-O 5. e5 Ne8 6. Nf3 d6 7. Be2 dxe5 8. dxe5
Qxd1+ 9. Bxd1 Nc6 10. Bf4 Bg4 11. O-O Bxf3 12. Bxf3 Nxe5 13. Bxe5 Bxe5 14. Nd5
Bd6 15. Rad1 c6 16. Nc3 f5 17. a3 Nf6 18. b4 Rfd8 19. Rfe1 e5 0-1

[Event "1. Pfalz Open"]
[Site "Neustadt"]
[Date "2008.02.15"]
[Round "1.7"]
[White "Graf, Alexander"]
[Black "Huettemann, Ralf"]
[Result "1-0"]
[WhiteElo "2586"]
[BlackElo "2076"]
[PlyCount "61"]
[EventDate "2008.02.15"]
[EventType "swiss"]
[EventRounds "9"]
[EventCountry "GER"]
[Source "lmi"]
[SourceDate "2008.02.15"]

1. d4 c5 2. d5 e5 3. e4 d6 4. Nc3 Be7 5. Bb5+ Nd7 6. f4 a6 7. Bxd7+ Qxd7 8. Nf3
Qg4 9. O-O exf4 10. e5 dxe5 11. Nxe5 Qxd1 12. Rxd1 f6 13. Nc4 Bg4 14. Re1 Kf7
15. Bxf4 b5 16. Nd6+ Bxd6 17. Bxd6 c4 18. a4 Rd8 19. Bc7 Rc8 20. d6 b4 21. Nd5
b3 22. cxb3 cxb3 23. Nb6 Rxc7 24. dxc7 Ne7 25. h3 Bf5 26. Rad1 Nc6 27. Rd6 Na7
28. g4 Nc8 29. Rd8 Nxb6 30. Rxh8 Bd7 31. a5 1-0

[Event "1. Pfalz Open"]
[Site "Neustadt"]
[Date "2008.02.15"]
[Round "1.8"]
[White "Altmann, Jens"]
[Black "Markowski, Tomasz"]
[Result "0-1"]
[WhiteElo "2075"]
[BlackElo "2585"]
[PlyCount "68"]
[EventDate "2008.02.15"]
[EventType "swiss"]
[EventRounds "9"]
[EventCountry "GER"]
[Source "lmi"]
[SourceDate "2008.02.15"]

1. e4 c5 2. Nc3 Nc6 3. f4 g6 4. Nf3 Bg7 5. Bb5 Nd4 6. d3 e6 7. O-O Ne7 8. Nxd4
cxd4 9. Ne2 O-O 10. Bd2 d6 11. Qe1 Bd7 12. Bxd7 Qxd7 13. Qh4 Rac8 14. c3 dxc3
15. Bxc3 f5 16. Rf3 Rf7 17. Bxg7 Kxg7 18. Nc3 d5 19. Qf2 d4 20. Ne2 Nc6 21. e5
Qd5 22. Rh3 Rd8 23. Qh4 Kg8 24. Qg5 Rc8 25. Rf3 Qa5 26. Ng3 Qd2 27. Nh5 Nxe5
28. Nf6+ Rxf6 29. Qxf6 Nxf3+ 30. gxf3 Qe3+ 31. Kh1 Qxf3+ 32. Kg1 Qe3+ 33. Kh1
Rf8 34. Qe7 Rf7 0-1

[Event "1. Pfalz Open"]
[Site "Neustadt"]
[Date "2008.02.15"]
[Round "1.9"]
[White "Borovikov, Vladislav"]
[Black "Wuest, Hans Heiner"]
[Result "1/2-1/2"]
[WhiteElo "2583"]
[BlackElo "2072"]
[PlyCount "114"]
[EventDate "2008.02.15"]
[EventType "swiss"]
[EventRounds "9"]
[EventCountry "GER"]
[Source "lmi"]
[SourceDate "2008.02.15"]

1. d4 Nf6 2. Nf3 g6 3. c4 Bg7 4. g3 c6 5. Bg2 d5 6. b3 O-O 7. O-O Ne4 8. Bb2
Be6 9. Ne5 Nd7 10. Nd3 f5 11. cxd5 cxd5 12. Nd2 Bf7 13. Nf3 Qb6 14. e3 Rfc8 15.
Rc1 a5 16. Nfe5 Be8 17. Nf4 e6 18. Ned3 g5 19. Ne2 a4 20. f3 Nd6 21. Nc3 axb3
22. axb3 Qd8 23. Kh1 Nf6 24. Qe2 g4 25. fxg4 Nxg4 26. Nc5 Qe7 27. e4 dxe4 28.
N3xe4 Bb5 29. Rc4 Bxc4 30. bxc4 Nxe4 31. Nxe4 Ra2 32. Nc3 Rxb2 33. Qxb2 Bxd4
34. Nd5 Qc5 35. Qxb7 exd5 36. Bxd5+ Kh8 37. Rxf5 Rf8 38. Rxf8+ Qxf8 39. Qf7
Qxf7 40. Bxf7 Kg7 41. Be6 Ne3 42. Bd5 Kf6 43. Be4 h6 44. c5 Bxc5 45. Bd3 Ke5
46. Ba6 Ke4 47. Bb7+ Kd3 48. Ba6+ Kd2 49. Bb5 Ke1 50. Ba6 Kf2 51. Bb5 Bd6 52.
Ba6 Ng4 53. Bc8 h5 54. Bxg4 hxg4 55. h3 gxh3 56. Kh2 Bxg3+ 57. Kxh3 Kf3 1/2-1/2

[Event "1. Pfalz Open"]
[Site "Neustadt"]
[Date "2008.02.15"]
[Round "1.11"]
[White "Drozdovskij, Yuri"]
[Black "Hofmann, Christian"]
[Result "1-0"]
[WhiteElo "2574"]
[BlackElo "2065"]
[PlyCount "43"]
[EventDate "2008.02.15"]
[EventType "swiss"]
[EventRounds "9"]
[EventCountry "GER"]
[Source "lmi"]
[SourceDate "2008.02.15"]

1. d4 Nf6 2. c4 e6 3. Nc3 Bb4 4. Qc2 c5 5. dxc5 O-O 6. a3 Bxc5 7. Nf3 b6 8. Bf4
Bb7 9. Rd1 Nc6 10. e3 Rc8 11. Be2 Be7 12. Nb5 a6 13. Nd6 Bxd6 14. Bxd6 Re8 15.
O-O e5 16. b4 e4 17. Nd4 Ne5 18. c5 bxc5 19. bxc5 Qa5 20. Qb2 Bd5 21. Nf5 Ng6
22. Rxd5 1-0

[Event "1. Pfalz Open"]
[Site "Neustadt"]
[Date "2008.02.15"]
[Round "1.12"]
[White "Meunier, Matthias"]
[Black "Greenfeld, Alon"]
[Result "0-1"]
[WhiteElo "2061"]
[BlackElo "2559"]
[PlyCount "60"]
[EventDate "2008.02.15"]
[EventType "swiss"]
[EventRounds "9"]
[EventCountry "GER"]
[Source "lmi"]
[SourceDate "2008.02.15"]

1. d4 Nf6 2. c4 g6 3. Nc3 d5 4. cxd5 Nxd5 5. Nf3 Bg7 6. e3 O-O 7. Bc4 Nb6 8.
Bb3 c5 9. Ne2 Bg4 10. dxc5 N6d7 11. Qd5 Na6 12. c6 bxc6 13. Qxc6 Nb4 14. Qe4
Nc5 15. Qxg4 Nxb3 16. Qxb4 Nxa1 17. O-O Qc7 18. Nfd4 Nc2 19. Qc3 Qxc3 20. bxc3
Nxd4 21. cxd4 Rfc8 22. Ba3 Rc2 23. Nc1 e6 24. Bc5 Bf8 25. Bxf8 Kxf8 26. a4 Rc4
27. a5 Ra4 28. Nb3 Ke7 29. Rc1 Rb8 30. Nc5 Rxa5 0-1

[Event "1. Pfalz Open"]
[Site "Neustadt"]
[Date "2008.02.15"]
[Round "1.13"]
[White "Haba, Petr"]
[Black "Theobald, Heiko"]
[Result "1-0"]
[WhiteElo "2536"]
[BlackElo "2059"]
[PlyCount "27"]
[EventDate "2008.02.15"]
[EventType "swiss"]
[EventRounds "9"]
[EventCountry "GER"]
[Source "lmi"]
[SourceDate "2008.02.15"]

1. d4 Nf6 2. c4 e6 3. g3 d5 4. Bg2 Nbd7 5. Nf3 Be7 6. O-O O-O 7. Qc2 Re8 8. Rd1
c6 9. Nbd2 b6 10. e4 dxe4 11. Nxe4 Bb7 12. Ne5 Qc8 13. Ng5 Rf8 14. Bh3 1-0

[Event "1. Pfalz Open"]
[Site "Neustadt"]
[Date "2008.02.15"]
[Round "1.14"]
[White "Stark, Thomas"]
[Black "Manolache, Marius"]
[Result "0-1"]
[WhiteElo "2057"]
[BlackElo "2530"]
[PlyCount "74"]
[EventDate "2008.02.15"]
[EventType "swiss"]
[EventRounds "9"]
[EventCountry "GER"]
[Source "lmi"]
[SourceDate "2008.02.15"]

1. e4 c6 2. d4 g6 3. Nc3 d6 4. Nf3 Bg7 5. Bd3 Bg4 6. Be3 Qb6 7. Rb1 Nd7 8. Be2
Qc7 9. h3 Bxf3 10. Bxf3 Ngf6 11. O-O O-O 12. Ne2 b5 13. c3 e5 14. g3 Rfe8 15.
Qd3 d5 16. Bg2 Nxe4 17. Rbd1 Nd6 18. dxe5 Nxe5 19. Qc2 Rad8 20. Nf4 Nf5 21. Bc1
d4 22. cxd4 Nxd4 23. Rxd4 Rxd4 24. Nd5 Qd7 25. Nf4 Rd8 26. Be3 Rd1 27. Rxd1
Qxd1+ 28. Qxd1 Rxd1+ 29. Kh2 a5 30. Ne2 Nc4 31. Bf4 Nxb2 32. Bxc6 b4 33. Kg2 a4
34. Nc1 b3 35. axb3 Rxc1 36. Bxc1 a3 37. Bxb2 a2 0-1

[Event "1. Pfalz Open"]
[Site "Neustadt"]
[Date "2008.02.15"]
[Round "1.15"]
[White "Dgebuadze, Alexandre"]
[Black "Klein, Roland"]
[Result "1-0"]
[WhiteElo "2512"]
[BlackElo "2056"]
[PlyCount "112"]
[EventDate "2008.02.15"]
[EventType "swiss"]
[EventRounds "9"]
[EventCountry "GER"]
[Source "lmi"]
[SourceDate "2008.02.15"]

1. e4 c5 2. Nf3 Nc6 3. d4 cxd4 4. Nxd4 e5 5. Nb5 a6 6. Nd6+ Bxd6 7. Qxd6 Qf6 8.
Qd1 Nge7 9. Nc3 O-O 10. g3 Nd4 11. Bg2 d5 12. O-O Rd8 13. exd5 Bf5 14. Be3 Nxc2
15. Rc1 Nxe3 16. fxe3 Qg5 17. d6 Bg4 18. Qe1 Nf5 19. h3 Bxh3 20. Bxh3 Nxg3 21.
Rf3 Ne2+ 22. Kh2 Nxc1 23. Qxc1 Rxd6 24. Ne4 Qh5 25. Rf5 Rd1 26. Rxh5 Rxc1 27.
Rxe5 Rc2+ 28. Kg3 Rxb2 29. Re7 Kf8 30. Rd7 Re8 31. Kf3 Rh2 32. Nf2 h5 33. Rxb7
g5 34. Bf5 Rh4 35. Bc2 Re7 36. Rb8+ Kg7 37. Bb3 a5 38. Rb5 a4 39. Bd1 f6 40.
Ra5 Rc7 41. Bxa4 Rc1 42. Ra7+ Kh6 43. Bb5 Rb4 44. Bd3 g4+ 45. Kg3 f5 46. Kh4
Rc5 47. Ra6+ Kg7 48. Nh1 Rd5 49. Be2 Re4 50. Ng3 Rxe3 51. Nxh5+ Kf8 52. Nf4 Rd2
53. Bb5 g3 54. Ng6+ Kg7 55. Kg5 Rd7 56. Nh4 Rf7 1-0

[Event "1. Pfalz Open"]
[Site "Neustadt"]
[Date "2008.02.16"]
[Round "2.1"]
[White "Martin, Stefan"]
[Black "Tiviakov, Sergei"]
[Result "0-1"]
[WhiteElo "2226"]
[BlackElo "2649"]
[PlyCount "72"]
[EventDate "2008.02.15"]
[EventType "swiss"]
[EventRounds "9"]
[EventCountry "GER"]
[Source "lmi"]
[SourceDate "2008.02.15"]

1. d4 Nf6 2. c4 e6 3. Nf3 b6 4. g3 Bb7 5. Bg2 Be7 6. O-O O-O 7. Nc3 Na6 8. Bf4
c6 9. Rc1 d5 10. Ne5 Nh5 11. Be3 Qe8 12. Qa4 Bd6 13. Bf3 Nf6 14. Bf4 Rc8 15.
Rfd1 dxc4 16. Qxc4 Nd5 17. Bd2 Qe7 18. Nd3 Rfd8 19. e4 Nxc3 20. Bxc3 Bb8 21.
Re1 Nc7 22. Rcd1 Nb5 23. e5 Ba6 24. Kg2 Nc7 25. Qa4 c5 26. Nf4 Bb5 27. Qb3 cxd4
28. Bb4 Qe8 29. Bd6 Ba4 30. Qd3 Bxd1 31. Bxd1 Qb5 32. Qxd4 Ne8 33. a4 Qd7 34.
Nh5 Bxd6 35. exd6 Qxd6 36. Qg4 Qd4 0-1

[Event "1. Pfalz Open"]
[Site "Neustadt"]
[Date "2008.02.16"]
[Round "2.2"]
[White "Berelovich, Aleksandar"]
[Black "Fecht, Hans-Peter"]
[Result "1-0"]
[WhiteElo "2606"]
[BlackElo "2219"]
[PlyCount "67"]
[EventDate "2008.02.15"]
[EventType "swiss"]
[EventRounds "9"]
[EventCountry "GER"]
[Source "lmi"]
[SourceDate "2008.02.15"]

1. e4 c6 2. Nc3 d5 3. Nf3 Bg4 4. h3 Bxf3 5. Qxf3 e6 6. g3 Nd7 7. d3 Bb4 8. a3
Qa5 9. Bd2 d4 10. Nb1 Bxd2+ 11. Nxd2 Ngf6 12. Bg2 O-O 13. Qe2 e5 14. O-O Ne8
15. f4 Nd6 16. h4 Qd8 17. Bh3 Re8 18. Nf3 f6 19. fxe5 Nxe5 20. Nxd4 Qb6 21. Qf2
Qxb2 22. Ne6 Re7 23. d4 Ng6 24. e5 Ne8 25. h5 Nf8 26. Nxf8 Kxf8 27. h6 Qc3 28.
Rad1 Qxa3 29. Rd3 Qb4 30. Rf3 a5 31. exf6 gxf6 32. Rxf6+ Nxf6 33. Qxf6+ Kg8 34.
Be6+ 1-0

[Event "1. Pfalz Open"]
[Site "Neustadt"]
[Date "2008.02.16"]
[Round "2.3"]
[White "Dewenter, Ulf"]
[Black "Khenkin, Igor"]
[Result "0-1"]
[WhiteElo "2220"]
[BlackElo "2602"]
[PlyCount "114"]
[EventDate "2008.02.15"]
[EventType "swiss"]
[EventRounds "9"]
[EventCountry "GER"]
[Source "lmi"]
[SourceDate "2008.02.15"]

1. e4 c6 2. d4 d5 3. exd5 cxd5 4. Bd3 Nc6 5. c3 Qc7 6. Ne2 Bg4 7. f3 Bh5 8. g4
Bg6 9. Bxg6 hxg6 10. Bf4 Qd7 11. Nd2 e6 12. Qb3 Na5 13. Qc2 Bd6 14. Bxd6 Qxd6
15. h3 g5 16. O-O-O Ne7 17. Kb1 Ng6 18. Qd3 O-O-O 19. Qe3 f6 20. Rdf1 Rh4 21.
f4 gxf4 22. Nxf4 Nxf4 23. Rxf4 Rdh8 24. Rff1 Nc6 25. Re1 e5 26. Qg3 R4h7 27. h4
Qd7 28. Nf3 e4 29. Nd2 Na5 30. c4 Nxc4 31. Nxc4 dxc4 32. Rxe4 Qc6 33. Rhe1 Rxh4
34. Re6 Qb5 35. Re7 Qb6 36. Qf3 Rd8 37. d5 Kb8 38. Qf4+ Ka8 39. Qf3 a6 40. Qe4
c3 41. Qc2 cxb2 42. Rxg7 Qb4 43. Rd1 Rxg4 44. Rxg4 Qxg4 45. Kxb2 Qb4+ 46. Qb3
Qd6 47. Qc3 f5 48. Qd4 f4 49. Rf1 Rf8 50. Rf3 Kb8 51. Kc2 Qg6+ 52. Kd2 Qg2+ 53.
Rf2 Qg3 54. Qc5 Rd8 55. d6 Ka8 56. Ke2 Re8+ 57. Kd1 Qd3+ 0-1

[Event "1. Pfalz Open"]
[Site "Neustadt"]
[Date "2008.02.16"]
[Round "2.4"]
[White "Kempinski, Robert"]
[Black "Kopylova, Natalia"]
[Result "1-0"]
[WhiteElo "2590"]
[BlackElo "1845"]
[PlyCount "121"]
[EventDate "2008.02.15"]
[EventType "swiss"]
[EventRounds "9"]
[EventCountry "GER"]
[Source "lmi"]
[SourceDate "2008.02.15"]

1. Nf3 Nf6 2. c4 c6 3. e3 g6 4. b3 Bg7 5. Bb2 O-O 6. Be2 d5 7. O-O dxc4 8. bxc4
c5 9. d4 cxd4 10. exd4 Ne4 11. Nbd2 Qb6 12. Nb3 Rd8 13. Bd3 Nf6 14. d5 Na6 15.
Ba3 Qc7 16. Qe2 Re8 17. Rae1 Bg4 18. h3 Bxf3 19. Qxf3 Rad8 20. Qe3 b5 21. Rc1
b4 22. Bb2 Ng4 23. hxg4 Bxb2 24. Rc2 Bc3 25. c5 Qc8 26. Bc4 Nc7 27. Qf3 Rf8 28.
Rd1 Ne8 29. a3 Nf6 30. g5 Nd7 31. Qe3 a5 32. c6 Ne5 33. Rxc3 Ng4 34. Qxe7 bxc3
35. Qc5 c2 36. Rc1 a4 37. Nd4 Qb8 38. c7 Qb1 39. Ne2 Rde8 40. Qb4 Rb8 41.
cxb8=Q Rxb8 42. Qd2 Qb6 43. Qf4 h5 44. gxh6 f5 45. d6+ Kh7 46. Nd4 Re8 47. Ne6
Rc8 48. Rxc2 Qa5 49. Rc1 Qb6 50. Qd4 Qxd4 51. Nxd4 Ne5 52. Nf3 Nxf3+ 53. gxf3
Rd8 54. Rd1 Kxh6 55. d7 Kg5 56. Bb5 Kh4 57. Kg2 f4 58. Re1 Rb8 59. Bxa4 Ra8 60.
Re8 Ra5 61. Rh8+ 1-0

[Event "1. Pfalz Open"]
[Site "Neustadt"]
[Date "2008.02.16"]
[Round "2.5"]
[White "Schaefer, Michael"]
[Black "Graf, Alexander"]
[Result "0-1"]
[WhiteElo "2219"]
[BlackElo "2586"]
[PlyCount "66"]
[EventDate "2008.02.15"]
[EventType "swiss"]
[EventRounds "9"]
[EventCountry "GER"]
[Source "lmi"]
[SourceDate "2008.02.15"]

1. d4 Nf6 2. c4 e6 3. Nc3 Bb4 4. g3 d5 5. Bg2 O-O 6. Nf3 dxc4 7. O-O Nc6 8. e3
Rb8 9. Qe2 b5 10. Rd1 Nd5 11. Bd2 Be7 12. Ne4 Ba6 13. b3 Qc8 14. Be1 h6 15. a4
c3 16. Bf1 bxa4 17. Qxa6 Qxa6 18. Bxa6 c2 19. bxa4 cxd1=Q 20. Rxd1 Rb2 21. Rc1
Ncb4 22. Bf1 Rc2 23. Rb1 Ra2 24. Nc5 Bxc5 25. dxc5 Nc2 26. Bd2 Rxa4 27. e4 Nf6
28. Bd3 Nd4 29. Ne1 Nd7 30. c6 Ne5 31. Bf4 Nxd3 32. Nxd3 Nxc6 33. Rc1 Nd4 0-1

[Event "1. Pfalz Open"]
[Site "Neustadt"]
[Date "2008.02.16"]
[Round "2.6"]
[White "Markowski, Tomasz"]
[Black "Meiser, Markus"]
[Result "1-0"]
[WhiteElo "2585"]
[BlackElo "2187"]
[PlyCount "55"]
[EventDate "2008.02.15"]
[EventType "swiss"]
[EventRounds "9"]
[EventCountry "GER"]
[Source "lmi"]
[SourceDate "2008.02.15"]

1. Nf3 Nf6 2. c4 g6 3. b4 Bg7 4. Bb2 O-O 5. e3 Na6 6. a3 c5 7. Qb3 b6 8. Be2
Bb7 9. d3 d5 10. Nbd2 e6 11. O-O Qe7 12. b5 Nb8 13. a4 Nbd7 14. a5 bxa5 15.
Rxa5 a6 16. Rfa1 axb5 17. Qxb5 Rab8 18. Ra7 Bc6 19. Bxf6 Qd6 20. Be7 Qxe7 21.
Qxc6 Bxa1 22. Rxd7 Qe8 23. cxd5 Rc8 24. Qd6 exd5 25. Qxd5 Qe6 26. Qxe6 fxe6 27.
Ng5 Rb8 28. Bg4 1-0

[Event "1. Pfalz Open"]
[Site "Neustadt"]
[Date "2008.02.16"]
[Round "2.7"]
[White "Epishin, Vladimir"]
[Black "Nowik, Volker"]
[Result "1-0"]
[WhiteElo "2577"]
[BlackElo "2171"]
[PlyCount "81"]
[EventDate "2008.02.15"]
[EventType "swiss"]
[EventRounds "9"]
[EventCountry "GER"]
[Source "lmi"]
[SourceDate "2008.02.15"]

1. d4 Nf6 2. Nf3 g6 3. g3 Bg7 4. Bg2 O-O 5. O-O d6 6. Nbd2 c5 7. dxc5 dxc5 8.
e4 Nc6 9. Qe2 Bg4 10. c3 Qc8 11. Re1 Rb8 12. Qf1 b5 13. h3 Bxf3 14. Nxf3 e5 15.
Nh2 Qc7 16. Be3 Nd7 17. Rad1 Nd8 18. h4 Ne6 19. h5 c4 20. hxg6 hxg6 21. Bh3
Ndc5 22. Bxe6 Nxe6 23. Rd5 Rfd8 24. Red1 a6 25. Nf3 Bf6 26. Qe2 Rxd5 27. exd5
Ng7 28. d6 Qd7 29. Bg5 Bxg5 30. Nxg5 f6 31. Ne4 Rf8 32. b4 cxb3 33. axb3 Ne6
34. b4 Kg7 35. Qf3 Qc6 36. Kg2 f5 37. Nc5 e4 38. Qe3 Kf6 39. f3 exf3+ 40. Kf2
Re8 41. d7 1-0

[Event "1. Pfalz Open"]
[Site "Neustadt"]
[Date "2008.02.16"]
[Round "2.8"]
[White "Krockenberger, Martin"]
[Black "Drozdovskij, Yuri"]
[Result "0-1"]
[WhiteElo "2208"]
[BlackElo "2574"]
[PlyCount "130"]
[EventDate "2008.02.15"]
[EventType "swiss"]
[EventRounds "9"]
[EventCountry "GER"]
[Source "lmi"]
[SourceDate "2008.02.15"]

1. c4 e5 2. g3 Nf6 3. Bg2 Nc6 4. Nc3 Bc5 5. a3 a6 6. e3 O-O 7. Nge2 d6 8. h3
Ba7 9. d3 Ne7 10. Nd5 Nfxd5 11. cxd5 c6 12. dxc6 Nxc6 13. O-O d5 14. b4 Be6 15.
Bb2 Qd7 16. Kh2 Rac8 17. Qd2 Rc7 18. Rac1 Rfc8 19. Rc2 f6 20. Rfc1 Ne7 21. Rxc7
Rxc7 22. Rxc7 Qxc7 23. Qc3 Qd7 24. h4 h6 25. Kg1 Nc6 26. Qc2 Qd6 27. Bc3 b5 28.
Qb2 Kf7 29. Kf1 g5 30. hxg5 hxg5 31. d4 e4 32. Nc1 Ne7 33. Nb3 Nc8 34. Nc5 Nb6
35. Qa1 Nc4 36. a4 Bd7 37. a5 Bg4 38. Kg1 f5 39. Qc1 Bb8 40. Be1 Ke7 41. Nb3
Qc6 42. Nd2 Nxa5 43. Qxc6 Nxc6 44. Nb3 f4 45. gxf4 gxf4 46. exf4 Bd1 47. Nc5
Nxd4 48. Bd2 Ne2+ 49. Kf1 Nxf4 50. Nxa6 Be5 51. Nc5 Nxg2 52. Kxg2 Bf3+ 53. Kf1
d4 54. Ke1 Kd6 55. Nb7+ Kd5 56. Na5 Bc7 57. Bc1 Bb6 58. Bh6 e3 59. fxe3 dxe3
60. Bg5 Kd4 61. Bf6+ Kd3 62. Nb3 Kc4 63. Nc5 Kxb4 64. Nd3+ Kb3 65. Ne5 Ba5+ 0-1

[Event "1. Pfalz Open"]
[Site "Neustadt"]
[Date "2008.02.16"]
[Round "2.9"]
[White "Greenfeld, Alon"]
[Black "Stock, Andreas"]
[Result "1-0"]
[WhiteElo "2559"]
[BlackElo "2169"]
[PlyCount "65"]
[EventDate "2008.02.15"]
[EventType "swiss"]
[EventRounds "9"]
[EventCountry "GER"]
[Source "lmi"]
[SourceDate "2008.02.15"]

1. d4 c5 2. d5 Nf6 3. Nc3 d6 4. e4 g6 5. Bb5+ Bd7 6. a4 Bg7 7. Nf3 O-O 8. O-O
Na6 9. Re1 Nc7 10. Bf1 a6 11. Bg5 h6 12. Bh4 Bg4 13. h3 Bxf3 14. Qxf3 Nd7 15.
a5 b5 16. axb6 Nxb6 17. Nd1 Qd7 18. c3 a5 19. Qd3 a4 20. Ne3 Rfb8 21. f4 a3 22.
Rxa3 Rxa3 23. bxa3 Na4 24. e5 dxe5 25. fxe5 Bxe5 26. Ng4 Bd6 27. c4 h5 28. Ne5
Bxe5 29. Rxe5 Nb2 30. Qe3 e6 31. Rxh5 gxh5 32. Bf6 Ne8 33. Qg5+ 1-0

[Event "1. Pfalz Open"]
[Site "Neustadt"]
[Date "2008.02.16"]
[Round "2.11"]
[White "Manolache, Marius"]
[Black "Hillenbrand, Michael"]
[Result "1-0"]
[WhiteElo "2530"]
[BlackElo "2167"]
[PlyCount "91"]
[EventDate "2008.02.15"]
[EventType "swiss"]
[EventRounds "9"]
[EventCountry "GER"]
[Source "lmi"]
[SourceDate "2008.02.15"]

1. d4 g6 2. Nf3 Bg7 3. c4 d6 4. Nc3 c6 5. h3 a6 6. e4 b5 7. a3 Bb7 8. Bg5 Nd7
9. Be2 Rc8 10. O-O h6 11. Be3 e6 12. d5 cxd5 13. exd5 Bxc3 14. bxc3 e5 15. cxb5
Ne7 16. bxa6 Ba8 17. c4 f5 18. Nd2 Qa5 19. f4 Qxa6 20. c5 Qa7 21. Nc4 Rxc5 22.
Nxd6+ Kf8 23. fxe5 Nxd5 24. Qb3 Nxe5 25. Nxf5 Nxe3 26. Qxe3 Kg8 27. Rac1 Ra5
28. Qxa7 Rxa7 29. Nd4 Kh7 30. Nb5 Re7 31. Rfd1 Rhe8 32. Rc7 Bc6 33. Rc1 Rxc7
34. Nxc7 Re7 35. Nb5 Rb7 36. a4 Bd7 37. Rc5 Bxb5 38. Rxb5 Re7 39. a5 Nc6 40.
Bd3 Ra7 41. a6 Kg7 42. Rb6 Rc7 43. Be4 Ne7 44. Rb7 Rc1+ 45. Kh2 Kf6 46. a7 1-0